000 00269nam a22001217a 4500
003 SGT
082 _bKUM
100 _aKUMAR, MUNESH
245 _aKLA SHIKSHA AWM KARY ANUBHAV THA PATHANTR KRIYAYE
260 _aDELHI
_bJBT
_c2009
300 _a276
942 _2ddc
_cBK
999 _c19933
_d19933